|
|
|
|
| LEADER |
02923nam a22006015i 4500 |
| 001 |
978-3-319-66429-3 |
| 003 |
DE-He213 |
| 005 |
20170812054952.0 |
| 007 |
cr nn 008mamaa |
| 008 |
170812s2017 gw | s |||| 0|eng d |
| 020 |
|
|
|a 9783319664293
|9 978-3-319-66429-3
|
| 024 |
7 |
|
|a 10.1007/978-3-319-66429-3
|2 doi
|
| 040 |
|
|
|d GrThAP
|
| 050 |
|
4 |
|a Q334-342
|
| 050 |
|
4 |
|a TJ210.2-211.495
|
| 072 |
|
7 |
|a UYQ
|2 bicssc
|
| 072 |
|
7 |
|a TJFM1
|2 bicssc
|
| 072 |
|
7 |
|a COM004000
|2 bisacsh
|
| 082 |
0 |
4 |
|a 006.3
|2 23
|
| 245 |
1 |
0 |
|a Speech and Computer
|h [electronic resource] :
|b 19th International Conference, SPECOM 2017, Hatfield, UK, September 12-16, 2017, Proceedings /
|c edited by Alexey Karpov, Rodmonga Potapova, Iosif Mporas.
|
| 264 |
|
1 |
|a Cham :
|b Springer International Publishing :
|b Imprint: Springer,
|c 2017.
|
| 300 |
|
|
|a XV, 831 p. 255 illus.
|b online resource.
|
| 336 |
|
|
|a text
|b txt
|2 rdacontent
|
| 337 |
|
|
|a computer
|b c
|2 rdamedia
|
| 338 |
|
|
|a online resource
|b cr
|2 rdacarrier
|
| 347 |
|
|
|a text file
|b PDF
|2 rda
|
| 490 |
1 |
|
|a Lecture Notes in Computer Science,
|x 0302-9743 ;
|v 10458
|
| 505 |
0 |
|
|a Recognition -- Synthesis -- Understanding.- Signal processing -- Language and text processing -- Computational paralinguistics -- Multi-modal speech processing -- Human-computer interaction.
|
| 520 |
|
|
|a This book constitutes the proceedings of the 19th International Conference on Speech and Computer, SPECOM 2017, held in Hatfield, UK, in September 2017. The 80 papers presented in this volume were carefully reviewed and selected from 150 submissions. The papers present current research in the area of computer speech processing (recognition, synthesis, understanding etc.) and related domains (including signal processing, language and text processing, computational paralinguistics, multi-modal speech processing, human-computer interaction).
|
| 650 |
|
0 |
|a Computer science.
|
| 650 |
|
0 |
|a Database management.
|
| 650 |
|
0 |
|a Information storage and retrieval.
|
| 650 |
|
0 |
|a Artificial intelligence.
|
| 650 |
|
0 |
|a Image processing.
|
| 650 |
|
0 |
|a Pattern recognition.
|
| 650 |
1 |
4 |
|a Computer Science.
|
| 650 |
2 |
4 |
|a Artificial Intelligence (incl. Robotics).
|
| 650 |
2 |
4 |
|a Information Systems Applications (incl. Internet).
|
| 650 |
2 |
4 |
|a Pattern Recognition.
|
| 650 |
2 |
4 |
|a Information Storage and Retrieval.
|
| 650 |
2 |
4 |
|a Image Processing and Computer Vision.
|
| 650 |
2 |
4 |
|a Database Management.
|
| 700 |
1 |
|
|a Karpov, Alexey.
|e editor.
|
| 700 |
1 |
|
|a Potapova, Rodmonga.
|e editor.
|
| 700 |
1 |
|
|a Mporas, Iosif.
|e editor.
|
| 710 |
2 |
|
|a SpringerLink (Online service)
|
| 773 |
0 |
|
|t Springer eBooks
|
| 776 |
0 |
8 |
|i Printed edition:
|z 9783319664286
|
| 830 |
|
0 |
|a Lecture Notes in Computer Science,
|x 0302-9743 ;
|v 10458
|
| 856 |
4 |
0 |
|u http://dx.doi.org/10.1007/978-3-319-66429-3
|z Full Text via HEAL-Link
|
| 912 |
|
|
|a ZDB-2-SCS
|
| 912 |
|
|
|a ZDB-2-LNC
|
| 950 |
|
|
|a Computer Science (Springer-11645)
|